Statistiques concernant Romans sur Isère - Extreme

Cliquez ici pour prendre le quiz!

Statistiques générales

  • Ce quiz a été pris 42 fois
    (35 depuis la dernière actualisation)
  • Le résultat moyen est 8 sur 16

Statistiques - réponses

Indicesreponse% Correct
régionAuvergne Rhône Alpes
100%
DépartementDrôme
93%
RivièreIsère
85%
arrondissementValence
63%
ville voisinebourg de péage
59%
spécialité (objet-musée)Chaussure
52%
spécialité (pâtisserie)Pogne
52%
Nom des habitantsromanais
52%
spécialité (culinaire)Raviole
41%
village voisinSt Paul les Romans
41%
village voisinMours st Eusèbe
33%
collégialeSt barnard
26%
horloge, ancienne tour d'enceinte et porte fortifiée du xiie siècleTour Jacquemart
19%
spécialité (gâteau)lunettes de romans
15%
village voisinGranges les Beaumont
11%
Chaîne de magasins d'usineMarque avenue
11%

Distribution des résultats

Percentile par nombre de réponses

% des personnes avec chaque résultat

Votre développement - résultats

Vous n’avez pas pris ce quiz depuis la dernière actualisation